| 000 | 00904cam a2200301 a 4500 | ||
|---|---|---|---|
| 001 | 1254 | ||
| 003 | BD-RjUL | ||
| 005 | 20211208233312.0 | ||
| 008 | 131125s19721970enk 001 0 eng d | ||
| 020 | _a0710072961 | ||
| 035 | _a(BD-RjUL)1276 | ||
| 035 | _a2014129 | ||
| 040 |
_aLC _beng _cLC _dBD-RjUL |
||
| 041 | 1 | _aengfre | |
| 082 | 0 | 0 |
_a155.413 _216 _bPIP 1972 |
| 100 | 1 |
_aPiaget, Jean, _d1896-1980. _93700 |
|
| 245 | 1 | 4 |
_aThe principles of genetic epistemology / _ctranslated from the French by Wolfe Mays. |
| 260 |
_aLondon: _bRoutledge and K. Paul, _cc1972. |
||
| 300 |
_av, 98 p. ; _c23 cm. |
||
| 500 | _aTranslation of L'Epistemologie genetique. | ||
| 504 | _aBibliography: p. 94-95. | ||
| 650 | 0 |
_aCognition in children. _93701 |
|
| 650 | 0 |
_aGenetic epistemology. _93702 |
|
| 942 |
_2ddc _cBK |
||
| 999 |
_c1254 _d1254 |
||